Jednostopá vozidla v datech a číslech
Saved in:
| Main Author: | |
|---|---|
| Format: | Book |
| Language: | Czech |
| Published: |
Praha :
NADAS,
1967
|
| Subjects: | |
| Tags: |
No Tags, Be the first to tag this record!
|
MARC
| LEADER | 00000nam a22000003a 4500 | ||
|---|---|---|---|
| 001 | stu87058 | ||
| 005 | 20150617225629.5 | ||
| 008 | 040518s1967----cs------------------cze-d | ||
| 040 | |a STU |b slo | ||
| 041 | 0 | |a cze | |
| 044 | |a cs | ||
| 080 | |a 629.3.022.41 | ||
| 100 | 1 | |a Chladný, Vladimír |4 aut | |
| 245 | 1 | |a Jednostopá vozidla v datech a číslech | |
| 260 | |a Praha : |b NADAS, |c 1967 | ||
| 300 | |a 215 s | ||
| 650 | 7 | |a jednostopové vozidlá |2 stusub | |
| 996 | |b 284J021120 |c J*9435 |l JJSK |s A |a 24 |w stu87058_0001 | ||
| 996 | |b 284J021119 |c J*9434 |l JJSK |s A |a 24 |w stu87058_0002 | ||